Detalles MARC
| 000 -CABECERA |
| campo de control de longitud fija |
01421nam a22003497a 4500 |
| 003 - IDENTIFICADOR DEL NÚMERO DE CONTROL |
| campo de control |
DO-SdBNP |
| 005 - FECHA Y HORA DE LA ÚLTIMA TRANSACCIÓN |
| campo de control |
20240301135708.0 |
| 007 - CAMPO FIJO DE DESCRIPCIÓN FÍSICA--INFORMACIÓN GENERAL |
| campo de control de longitud fija |
ta |
| 008 - DATOS DE LONGITUD FIJA--INFORMACIÓN GENERAL |
| campo de control de longitud fija |
220203b2021 dr ace|| |||| 00| 0 spa d |
| 020 ## - NÚMERO INTERNACIONAL ESTÁNDAR DEL LIBRO |
| Número Internacional Estándar del Libro |
9789945929607 |
| 040 ## - FUENTE DE LA CATALOGACIÓN |
| Centro catalogador/agencia de origen |
DO-SdBNP |
| Lengua de catalogación |
spa |
| Centro/agencia transcriptor |
BNPHU |
| 082 #4 - NÚMERO DE LA CLASIFICACIÓN DECIMAL DEWEY |
| Número de clasificación |
728.5097293 |
| Número de documento/Ítem |
M385j |
| Número de edición |
22 |
| 100 1# - ENTRADA PRINCIPAL--NOMBRE DE PERSONA |
| Nombre de persona |
Martínez Suárez, Alex |
| 9 (RLIN) |
81116 |
| 245 10 - MENCIÓN DE TÍTULO |
| Título |
Jaragua no cae =Jaragua won't crumble / |
| Mención de responsabilidad, etc. |
Alex Martínez Suárez ; Rab Messina ; traductor Rab Messina ; prólogo José Enrique Delmonte |
| 246 10 - FORMA VARIANTE DE TÍTULO |
| Título propio/Titulo breve |
Jaragua won't crumble. |
| 260 ## - PUBLICACIÓN, DISTRIBUCIÓN, ETC. |
| Lugar de publicación, distribución, etc. |
Santiago de los Caballeros : |
| Nombre del editor, distribuidor, etc. |
Centro Cultural Eduardo León Jimenes ; |
| -- |
Graham Fundation, |
| Fecha de publicación, distribución, etc. |
2021. |
| 300 ## - DESCRIPCIÓN FÍSICA |
| Extensión |
326 p. : |
| Otras características físicas |
il.; fots. ; |
| Dimensiones |
24 cm. |
| 500 ## - NOTA GENERAL |
| Nota general |
Incluye datos biográficos de los autores en las solapas. |
| 500 ## - NOTA GENERAL |
| Nota general |
Texto en español e inglés. |
| 504 ## - NOTA DE BIBLIOGRAFÍA, ETC. |
| Nota de bibliografía, etc. |
Bibliografía: p. 322-326. |
| 546 ## - NOTA DE LENGUA/LENGUAJE |
| Nota de lengua/lenguaje |
Texto en Inglés y Español |
| 590 ## - NOTA LOCAL (RLIN) |
| Nota local |
Inventariado, 2022 / LP<br/><br/><br/> |
| 610 24 - PUNTO DE ACCESO ADICIONAL DE MATERIA--NOMBRE DE ENTIDAD CORPORATIVA |
| Nombre de entidad corporativa o nombre de jurisdicción como elemento de entrada |
Hotel Jaragua (Santo Domingo, República Dominicana) |
| Subdivisión general |
Historia |
| 9 (RLIN) |
81325 |
| 650 #4 - PUNTO DE ACCESO ADICIONAL DE MATERIA--TÉRMINO DE MATERIA |
| Término de materia o nombre geográfico como elemento de entrada |
Arquitectura de hoteles |
| Subdivisión geográfica |
República Dominicana |
| 9 (RLIN) |
81326 |
| 650 #4 - PUNTO DE ACCESO ADICIONAL DE MATERIA--TÉRMINO DE MATERIA |
| Término de materia o nombre geográfico como elemento de entrada |
Arquitectura dominicana |
| Subdivisión cronológica |
Siglo XX |
| 9 (RLIN) |
81327 |
| 700 1# - PUNTO DE ACCESO ADICIONAL--NOMBRE DE PERSONA |
| Nombre de persona |
Messina, Rab |
| Término indicativo de función/relación |
autor |
| 9 (RLIN) |
81117 |
| 700 1# - PUNTO DE ACCESO ADICIONAL--NOMBRE DE PERSONA |
| Nombre de persona |
Messina, Rab |
| Término indicativo de función/relación |
tr. |
| 9 (RLIN) |
81117 |
| 700 1# - PUNTO DE ACCESO ADICIONAL--NOMBRE DE PERSONA |
| Nombre de persona |
Delmonte, José Enrique, |
| Término indicativo de función/relación |
pról. |
| 9 (RLIN) |
81118 |
| 700 1# - PUNTO DE ACCESO ADICIONAL--NOMBRE DE PERSONA |
| Nombre de persona |
Candelier, Ivanna, |
| Término indicativo de función/relación |
fot. |
| 9 (RLIN) |
75954 |
| 910 ## - DATOS DE OPCIÓN DEL USUARIO (OCLC) |
| Datos de opción del usuario |
Lopérez./Validado. Control de calidad MFF |
| 942 ## - ELEMENTOS DE PUNTO DE ACCESO ADICIONAL (KOHA) |
| Fuente del sistema de clasificación o colocación |
Dewey Decimal Classification |
| Tipo de ítem Koha |
Libro |